000 00464nam a2200169Ia 4500
005 20250923144441.0
008 008 250917s9999 xx 000 0 eng d
037 _aTextual
040 _aDSWL
_beng
_cDSWL
041 _aeng
_2eng
084 _qDSWL
100 _aGrant, John
_9825024
245 0 _aPublic health as a social service
_cby John Grant
260 _aCalcutta
_bUniv of Calcutta India
_c1941
942 _cTEXL
999 _c1439021
_d1439021